| 000 | 00888nam a2200205Ii 4500 | ||
|---|---|---|---|
| 003 | JO-AjNU | ||
| 008 | 230605s9999||||xx |||||||||||||| ||und|| | ||
| 020 | _a9960-24-348-6/9960-24-060-6 | ||
| 040 |
_aJO-AjNU _bara _erda _cJO-AjNU |
||
| 041 | _aara | ||
| 050 | 1 | 4 | _aHF 5635.K512 2010 |
| 100 | 3 |
_aنأليف: كيسو،دونالد /م. مشارك: جيري ويجانت؛ تعريب: احمد حامد الحجاج ؛ تقديم: سلطان المحمد السلطان, _eauthor _931422 |
|
| 245 | 0 | 0 | _aالمحاسبة المتوسطة، ج1 = Intermediate Accounting |
| 264 | 3 | 1 | _aالرياض: دار المريخ للنشر والتوزيع ،2010 |
| 300 |
_a ج1، 630ص _bيحتوي على مصطلحات من ص 625-630ص |
||
| 336 |
_atext _btxt _2rdacontent |
||
| 337 |
_aunmediated _bn _2rdamedia |
||
| 338 |
_avolume _bnc _2rdacarrier |
||
| 650 | 4 |
_aالمحاسبة _931423 |
|
| 999 |
_aA12567 _c16135 _d16135 |
||